Ren & Stimpy's 'Log' Lyrics Quiz Stats

 Plays Quiz Updated Feb 21, 2020

     
Support Sporcle.
Go Orange.
Score 0/72 Timer 04:00
0 Plays Today
% Correct
log,
96%
log.
96%
log,
96%
log.
96%
log.
96%
log.
96%
log.
96%
log.
95.9%
log.
95.9%
log.
95.9%
log.
95.9%
Log:
95.9%
Log.
95.9%
Log.
95.8%
Log.
95.8%
it
88.9%
a
86.6%
a
86.6%
a
86.5%
It's
82.9%
It's
82.8%
It's
82.8%
It's
82.8%
It's
82.8%
It's
82.8%
it's
82.8%
It's
82.8%
It's
82.1%
It's
82.1%
wood.
69.1%
good!
68.3%
than
64.8%
better
64.7%
and
64.5%
your
64.5%
and
64.5%
% Correct
your
64.5%
bad;
64.4%
your
64.4%
big.
61.7%
down
61.4%
What
61.3%
rolls
59.3%
rolls
59.2%
stairs,
59.1%
heavy.
58.4%
on
58.1%
on
58%
dog?
56.6%
over
55.7%
Everyone
55.6%
Everyone
55.5%
in
54.2%
neighbor's
52.2%
wants
51.1%
for
49.1%
get
44.4%
pairs,
44%
love
43.8%
needs
42.2%
back?
41.1%
Come
40.5%
great
39.3%
snack
39%
fits
38.9%
from
38.4%
or
35.5%
You're
35.4%
gonna
34%
What's
32.5%
alone
29.6%
Blammo!
28.8%

From the Vault

Celebrities Venn Diagram III

by awesomeness365

So Tilda Swinton, Keith Urban, and Sia walk into a quiz together...
Remove Ads.
Support Sporcle.
Get the best of Sporcle when you Go Orange. This ad-free experience offers more features, more stats, and more fun while also helping to support Sporcle. Thank you for becoming a member.

Show Comments

Extras

Top Quizzes Today


Score Distribution

Your Account Isn't Verified!

In order to create a playlist on Sporcle, you need to verify the email address you used during registration. Go to your Sporcle Settings to finish the process.

Report this User

Report this user for behavior that violates our Community Guidelines.

Details: